00624nam a22001934a 450000100060000000300080000600500170001400800390003103500190007004000650008904100080015408200240016210000190018624500630020526000810026830000210034960000310037070000290040120296BD-RjUL20211209000539.0140227s19791978enka b 000 1 eng a(BD-RjUL)20358 aDLCcDLCdYDXdBAKERdNLGGCdBTCTAdYDXCPdDLCdBD-RjULbeng aeng00a823.8222bHAT 19791 aHardy, Thomas 00aTess of the d'Urbervilles :ba pure woman /cThomas Hardy. aPleasantville, N.Y. :b Reader's Digest Association,cc1978 [Reprinted1979]. a534 p. ;c20 cm.10aHardy, Thomas,d1840-1928.1 aMcEathron, Scott,d1962-